00338nam a2200133Ia 4500008004100000020001500041041001200056082001600068100001600084245006300100260002500163300000800188650000800196221030s9999 xx 000 0 und d a0070494827 aEnglish a105.23bVee aT. Veerajan 0aProbability, Statistics & Random Processescby T. Veerajan bTMHaNew Delhic2004 a693 aECE